01013cam a2200265 i 45000010011000000030004000110050017000150080041000320200030000730400033001030500014001361000030001502450045001802500019002252600048002443000046002923360026003383370028003643380027003925040051004196500025004709420054004959990019005499520179005681347381533OSt20250507153901.0221013s2022 sz a ob 001 0 eng d z9783030960162 (hardcover) aGW5XEbengerdacGW5XEdNUST 4aQC176 JAI1 aJain, Vimal KumareAuthor10aSolid state physics /cVimal Kumar Jain. aThird edition. aIndia :bAnne Books Private Limited,c2022. axxi, 542 pages :bIllustrations ;c25 cm. atextbtxt2rdacontent aunmediatedbn2rdamedia avolumebnc2rdacarrier aIncludes bibliographical references and index. 0vSolid state physics. 2lcccBOOKSeThird edition.hQC176 JAIkQCmJAIn0 c171734d171734 00102LCC40708NFICaMAINbMAINcGENd2025-05-07eBook Aid Internationalg100.00l0oQC176 JAIp92004055713r2025-05-07 15:41:57t61796v100.00w2025-05-07yBOOKSzDonation